000 00541nam a2200169 4500
999 _c4706
_d4706
008 160919b xxu||||| |||| 00| 0 eng d
022 _a2094-8042
082 _aDPer 370.105 M72 Jan-Dec 2012 v. 60-61
100 _914979
_aGuro, Lorna S.
243 _aThe modern teacher
245 _aHow to get connected to our family/
_cLorna S. Guro.
260 _aPhilippines:
_bIn the Grade School, Inc.,
_c©2012.
300 _av61 n7, pages 256-257;
_c28 cm.
500 _aThe Modern Teacher.
650 0 _914980
_aFamily
942 _2ddc
_cPER